000 00906nam a2200265Ia 4500
003 OSt
005 20220923224453.0
006 a|||||r|||| 00| 0
007 ta
008 220922b |||||||| |||| 00| 0 urd d
020 _c195
024 _a234,661
037 _b478, 21/03/2008, Vani Prakashan
_cTextual
040 _aARTS
_cARTS
_burd
041 _2urd
_aurd
082 _aO168,1M96x, 152N9;P9
100 _aफ़िराक़ गोरखपुरी
245 0 _aनज़ीर की बानी
246 _aNaज़īr kī bānī
260 _aनयी दिल्ली
_b वाणी प्रकाशन
_c1999
300 _a228पृ0
_ccm.
650 _aउर्दू साहित्य
942 _hO168,1M96x, 152N9;P9
_cTEXL
_2CC
999 _c371648
_d371648